000 00370nam a2200157Ia 4500
008 230312s9999||||xx |||||||||||||| ||und||
020 _a81-317-1289-4
082 _a005.43
_bDEI-O
100 _aDeitel,H.M
245 0 _aOperating Systems
260 _bPEARSONS
_aInDIA
_c2009
300 _a1209
546 _aEng.
650 _aComputer
_vOperating Systems
942 _cBK
999 _c5888
_d5888